000 00361nam a2200145Ia 4500
008 240624s9999 xx 000 0 und d
041 _aeng
082 _a302.4 CRI
100 _aCOSTA ANA CRISTINA
245 _aTRUST AND SOCIAL CAPITAL IN ORGANIZATION
260 _c2013
_aLondon
_bSage
300 _axxxv, 421 p.; 23 cm.
365 _cBPS
_b38
440 _v4
999 _c30427
_d30427